| 000 | 00416cam a2200157ua 4500 | ||
|---|---|---|---|
| 041 |
_aeng _h |
||
| 082 |
_a822 _bAES/AE |
||
| 100 | _aAeschlus, . | ||
| 245 |
_aAeschylus: Plays / _cAeschlus. _hTextual Documents |
||
| 260 |
_aLondon : _bJ M Dent and Sons Ltd , _c1960. |
||
| 300 | _a339 ; . | ||
| 440 | 0 |
_aEveryman`s Library, _v62 _x; |
|
| 490 | 0 |
_aEveryman`s Library, _v62 _x; |
|
| 942 | _cBK | ||
| 999 |
_c5885 _d5885 |
||